| 000 | 00899cab a2200277 4500 | ||
|---|---|---|---|
| 001 | ABS54552 | ||
| 008 | 090401t1996 xxu||||| |||| 00| 0 eng d | ||
| 035 | _a(Sirsi) u11071 | ||
| 041 | _aeng | ||
| 100 | _aForrest, R. | ||
| 245 | 4 | _aThe position of former council homes in the housing market | |
| 260 | _c1996 | ||
| 350 | _a0 | ||
| 490 |
_aUrban Studies _v33(1) 1996, 125-136(12) |
||
| 520 | _aExamines the contribution of council house sales to the recent growth of home ownership and price relationships between former council homes and other dwellings, drawing on a major national study of the resale of former council homes. | ||
| 650 | _aCOUNCIL HOUSES | ||
| 650 | _aHOME OWNERSHIP | ||
| 650 | _aHOUSE PRICES | ||
| 650 | _aRIGHT TO BUY | ||
| 650 | _aSOCIAL HOUSING | ||
| 690 | _aHOUSING | ||
| 700 | _aGordon, D. | ||
| 700 | _aMurie, A. | ||
| 942 | _n0 | ||
| 948 | _c04/03/1997 | ||
| 999 |
_c7057 _d7057 |
||